1516 1474 1880 1369 1923 1674 1648 1499 1940 1870 1219 1967 1119 1022 1340 1652 1500 1180 1025 1043 1501 1175 1379 1608 1867 1683 1507 1415 1196 1403 1917 1392 1180 1797 1121 1154 1558 1771 1004 1255 1857 1958 1587 1989 1810 1320 1446 1143 1285 1833 1781 1028 1318 1275 1176 1194 1469 1396 1524 1840 1777 1060 1873 1850 1143 1564 1671 1263 1391 1311 1070 1601 1657 1596 1382 1515 1595 1381 1780 1626 1914 1847 1783 1573 1649 1741 1389 1259 1339 1226 1290 1879 1317 1353 1490 1019 1168 1988 1978 BCNSPRNW ULIB Ver.6.0+V

เปลี่ยนเป็นภาษาไทย

Change to English
 แสดงรายละเอียดบรรณานุกรม
  กลับหน้าหลัก

Brief Record : Get Marc (ISO 2709) : E-mail record : QR code < ปิดหน้าต่าง
LEADER : 00000nam 2200000uu 4500
001    13399113175
003     ULIB
008    110930s2551||||th 000 0 tha d
020    9789740451112
050 04 QA76.75^bธ647ค 2551
100 0  ธีรวัฒน์ จิตต์เนื่อง
245 10 คู่มือการใช้งาน Microsoft Excel 2007 /^cธีรวัฒน์ จิตต์เนื่อง
246 30 Microsoft Excel 2007
260    กรุงเทพฯ :^bสวัสดี ไอที,^c2551
300    318 หน้า :^bภาพประกอบ ;^c22 ซม
505 2  การติดตั้งโปรแกรม Excel 2007 -- ทำความรู้จักกับเครื่องมือของโปรแกรม-- เรียนรู้การใช้งานโปรแกรมในเบื้องต้น -- การใช้งานเซลล์ แถว คอลัมน์ และแผ่นงาน -- การปรับแต่งคุณลักษณะตัวอักษรและตัวเลข -- การสร้างและปรับแต่งตารางข้อมูล -- การแทรกแผนภูมิลงในแผ่นงาน -- การแทรกรูปภาพและชิ้นงานกราฟฟิก -- การใช้งานสูตรและฟังก์ชัน -- การใช้งาน PivotTable และ PivotChat -- การใช้คำสั่งพิเศษ -- การพิมพ์แผ่นงาน
650  7 ไมโครซอฟต์เอ็กเซล
650  7 โปรแกรมคอมพิวเตอร์
945    ^p159^l0^i024121
995    ทศพร
999 ^a ศิริพร
รายการนี้ยังไม่มีแท็ก
คุณยังไม่ได้ล็อกอิน คุณสามารถมีกิจกรรมร่วมกับเว็บไซต์ได้ แต่ต้องล็อกอินก่อน ::
  ล็อกอิน

รายการสื่อสารสนเทศ

ลำดับที่ ประเภท เลขเรียก/บาร์โค้ด สถานที่ สถานะ
- ไม่พบข้อมูล -

รายการใกล้เคียง
    ผู้แต่ง [ธีรวัฒน์ จิตต์เนื่อง]

    หัวเรื่อง [ไมโครซอฟต์เอ็กเซล]
    หัวเรื่อง [โปรแกรมคอมพิวเตอร์]

BibComment


ยังไม่เคยถูกคอมเมนท์

คอมเมนท์ทรัพยากรรายการนี้
  คอมเมนท์: คู่มือการใช้งาน M..


 Copyright 2026. Bcnsprnw @Library